000 01144cam a22003131a 4500
001 agr67000321
003 DLC
005 20260227111027.0
008 830801s1967 dcub s f000 0 eng
010 _aagr67000321
035 _a(OCoLC)9762759
040 _aDLC
_cWU-A
_dDNAL
_dOrPS
_dDLC
042 _apremarc
043 _an-us---
050 0 0 _aS633.2
_b.I2
070 0 _a1
_bAg84St no.408
072 0 _aJ500
086 0 _aA 1.34:408
100 1 _aIbach, D. B.
_q(Donald Bryan),
_d1900-
245 1 0 _aFertilizer use in the United States by crops and areas, 1964 estimates /
_c[by D.B. Ibach and J.R. Adams].
260 _aWashington, D.C. :
_bU.S. Dept. of Agriculture, Economic Research Service and Statistical Reporting Service,
_c1967.
300 _a384 p. :
_bmaps ;
_c26 cm.
490 1 _aStatistical bulletin / United States Department of Agriculture ;
_vno. 408
500 _aCover title.
500 _aChiefly tables.
650 0 _aFertilizers
_zUnited States
_vStatistics.
700 1 _aAdams, J. Richard
_q(James Richard),
_d1898-
830 0 _aStatistical bulletin (United States. Department of Agriculture) ;
_vno. 408.
999 _c12263
_d12263